[Event "Havana Provincial-B"]
[Site "Havana"]
[Date "1999.??.??"]
[Round "?"]
[White "Hernandez Carmenates, Holden"]
[Black "Marcel, Rolando"]
[Result "1-0"]
[WhiteElo "2325"]
[BlackElo "2000"]
[PlyCount "145"]
[EventDate "1999.??.??"]
[EventType "tourn"]
[EventRounds "14"]
[EventCountry "CUB"]
[SourceTitle "EXT 2000"]
[Source "ChessBase"]
[SourceDate "1999.11.16"]
[SourceVersion "1"]
[SourceVersionDate "1999.11.16"]
[SourceQuality "1"]

1. e4 e6 2. d4 d5 3. Nc3 Bb4 4. e5 c5 5. Bd2 Nh6 6. Nf3 Nc6 7. Bd3 c4 8. Bf1 Nf5 9. Ne2 Be7 10. c3 0-0 11. Ng3 f6 12. exf6 Bxf6 13. Nxf5 exf5 14. Be2 Re8 15. 0-0 Bd7 16. g3 h6 17. Ne1 Qe7 18. Bf3 Be6 19. Ng2 Qd7 20. Nf4 Bf7 21. h4 g6 22. Ng2 Bg7 23. Bf4 b5 24. Qd2 Kh7 25. Bd1 a5 26. Bc2 h5 27. Ne1 Re7 28. Bg5 Re6 29. Ng2 Nd8 30. Bf4 Rb6 31. Be5 Bh6 32. f4 b4 33. Ne3 Be6 34. Bd1 bxc3 35. bxc3 a4 36. Bf3 Ra5 37. Rab1 Rab5 38. Qc2 a3 39. Rxb5 Rxb5 40. Rb1 Nf7 41. Rxb5 Qxb5 42. Bf6 Qb2 43. Be7 Bg7 44. Kf1 Nh6 45. Ke2 Ng4 46. Bxg4 fxg4 47. Qd2 Bxd4 48. Nd1 Qxd2+ 49. Kxd2 Bb6 50. Bxa3 Kg7 51. Bd6 Bf5 52. Be5+ Kf7 53. Bd4 Bc7 54. Nb2 Ke6 55. Na4 Bd6 56. Nc5+ Ke7 57. Nb7 Bc7 58. Be5 Bxe5 59. fxe5 Ke6 60. a4 Kxe5 61. a5 Bd7 62. a6 Bc6 63. Nd8 Ba8 64. Ke3 Kd6 65. Kd4 Kc7 66. Nb7 Kb6 67. Nd6 Kxa6 68. Nf7 Kb5 69. Ne5 Ka4 70. Nxg6 Bc6 71. Nf4 Be8 72. Nxd5 Bf7 73. Ne3 1-0

[Event "Havana Provincial-B"]
[Site "Havana"]
[Date "1999.??.??"]
[Round "?"]
[White "Suri, Alberto"]
[Black "Marcel, Rolando"]
[Result "1/2-1/2"]
[WhiteElo "2305"]
[BlackElo "2000"]
[PlyCount "96"]
[EventDate "1999.??.??"]
[EventType "tourn"]
[EventRounds "14"]
[EventCountry "CUB"]
[SourceTitle "EXT 2000"]
[Source "ChessBase"]
[SourceDate "1999.11.16"]
[SourceVersion "1"]
[SourceVersionDate "1999.11.16"]
[SourceQuality "1"]

1. e4 e6 2. Qe2 b6 3. Nf3 Ne7 4. g3 Bb7 5. Bg2 c5 6. 0-0 Nbc6 7. d3 Ng6 8. c3 Be7 9. h4 0-0 10. Rd1 Re8 11. Nbd2 d5 12. h5 Nf8 13. Nf1 Qc7 14. e5 f5 15. exf6 Bxf6 16. N1h2 e5 17. Ng4 Nd7 18. Ng5 Ne7 19. c4 Bxg5 20. Bxg5 d4 21. Re1 Bxg2 22. Kxg2 Nc6 23. Qe4 Qd6 24. h6 g6 25. a3 Rab8 26. Re2 b5 27. Qd5+ Qxd5+ 28. cxd5 Nd8 29. Bxd8 Rbxd8 30. b3 Rf8 31. Rae1 Rf5 32. Nxe5 Nxe5 33. Rxe5 Rxd5 34. Rxd5 Rxd5 35. Re7 a6 36. Rg7+ Kf8 37. Rxh7 c4 38. bxc4 bxc4 39. dxc4 d3 40. cxd5 d2 41. Rd7 Kg8 42. d6 d1Q 43. Rg7+ Kh8 44. d7 Qd5+ 45. Kg1 Qd1+ 46. Kh2 Qh5+ 47. Kg2 Qd5+ 48. Kh2 Qh5+ 1/2-1/2

[Event "Havana Provincial-B"]
[Site "Havana"]
[Date "1999.??.??"]
[Round "?"]
[White "Vega Chirino, Lemay"]
[Black "Marcel, Rolando"]
[Result "1-0"]
[WhiteElo "2275"]
[BlackElo "2000"]
[PlyCount "81"]
[EventDate "1999.??.??"]
[EventType "tourn"]
[EventRounds "14"]
[EventCountry "CUB"]
[SourceTitle "EXT 2000"]
[Source "ChessBase"]
[SourceDate "1999.11.16"]
[SourceVersion "1"]
[SourceVersionDate "1999.11.16"]
[SourceQuality "1"]

1. e4 e6 2. d3 d5 3. Nd2 c5 4. Ngf3 Nc6 5. g3 Bd6 6. Bg2 Nge7 7. 0-0 0-0 8. Re1 Ng6 9. h4 Re8 10. Nf1 dxe4 11. dxe4 Nge5 12. c3 c4 13. Qe2 Nxf3+ 14. Bxf3 Ne5 15. Bg2 Nd3 16. Rd1 Qc7 17. Be3 e5 18. b3 b5 19. a4 Nc5 20. Bxc5 Bxc5 21. b4 Bf8 22. axb5 Bd7 23. Ra5 Reb8 24. Rd5 Be6 25. Rd1 Bd7 26. Rd5 Be6 27. Ne3 Rc8 28. Qa2 Bxd5 29. Nxd5 Qb7 30. Bh3 Rd8 31. Qxc4 Bd6 32. Qc6 Rab8 33. Qxb7 Rxb7 34. c4 Bc7 35. Ra6 h6 36. Rc6 Bd6 37. Bc8 Rb8 38. Ba6 Kf8 39. c5 Be7 40. Rc7 Bf6 41. Rxa7 1-0